El Banco Mundial y la Tierra: ofensiva y resistencia en América Latina, Africa y Asia
Na minha lista:
| Autor principal: | |
|---|---|
| Formato: | Texto |
| Publicado em: |
San José:
DEI
|
| Assuntos: | |
| Tags: |
Adicionar Tag
Sem tags, seja o primeiro a adicionar uma tag!
|
MARC
| LEADER | 00000 a a2200000 04500 | ||
|---|---|---|---|
| 001 | 39570 | ||
| 003 | |||
| 040 | |||
| 020 | |a 9977-83-149-1 | ||
| 090 | |a 0001 D541b | ||
| 100 | |a Dias Martins, Mônica | ||
| 245 | |a El Banco Mundial y la Tierra: ofensiva y resistencia en América Latina, Africa y Asia | ||
| 260 | |a San José: |b DEI | ||
| 300 | |a 310 p. | ||
| 650 | |a TENENCIA DE LA TIERRA | ||
| 650 | |a REFORMA AGRARIA | ||
| 650 | |a MERCADO | ||
| 650 | |a BRASIL | ||
| 999 | |c 226 |d 226 | ||



